000 00786nam a2200229Ia 4500
003 GCL
005 20240530105415.0
008 140319s9999 xx 000 0 ara d
040 _aGCL /
_cGCL
082 0 4 _a347.08
_bر أ
100 1 _aرمسيس بهنام
245 1 0 _aالاجراءات الجنائية :
_b تاصيلا وتحليلا /
_cرمسيس بهنام
260 _aالاسكندرية :
_bمنشاة المعارف ،
_c1984
300 _a838 ص؛
_c24 سم
490 _aسلسلة الكتب القانونية
_v0
650 0 4 _aالقانون الجنائى
650 0 4 _aقانون الاجراءات الجنائية
650 0 4 _aالادلة الجنائية
650 0 4 _aالدعوة الجنائية
650 0 4 _aالكفالة
942 _2ddc
_cBK
999 _c55744
_d55744